Discurso inaugural leído en la solemne apertura de la Universidad Literaria de Granada el día 1º de octubre de 1869 / (Record no. 165126)

MARC details
000 -LEADER
campo de control de longitud fija 00878nam a22002055i 4500
001 - NÚMERO DE CONTROL
campo de control 165126
003 - IDENTIFICADOR DE NÚMERO DE CONTROL
campo de control ES-MaACL
005 - FECHA Y HORA DE LA ÚLTIMA TRANSACCIÓN
campo de control 20250813110914.0
008 - DATOS DE LONGITUD FIJA--INFORMACIÓN GENERAL
campo de control de longitud fija 950206s1869 sp |||| | spa d
080 ## - NÚMERO DE LA CLASIFICACIÓN DECIMAL UNIVERSAL
Número de la Clasificación Decimal Universal 001
100 1# - ENTRADA PRINCIPAL--NOMBRE DE PERSONA
Nombre de persona Segovia y Solanas, Ramón.
9 (RLIN) 132628
245 10 - MENCIÓN DEL TÍTULO
Título Discurso inaugural leído en la solemne apertura de la Universidad Literaria de Granada el día 1º de octubre de 1869 /
Mención de responsabilidad, etc. por Ramón Segovia y Solanas.
260 ## - PUBLICACIÓN, DISTRIBUCIÓN, ETC.
Lugar de publicación, distribución, etc. Granada :
Nombre del editor, distribuidor, etc. [s.n.],
Fecha de publicación, distribución, etc. 1869 (
Fabricante Imp. de Indalecio Ventura)
300 ## - DESCRIPCIÓN FÍSICA
Extensión 54 p. ;
Dimensiones 26 cm.
594 ## - Nota al título y mención de responsabilidad
Nota al título y mención de responsabilidad Tema del discurso: El cultivo de la ciencia, en todas sus manifestaciones, es fórmula de la ley del progreso humano
650 #7 - PUNTO DE ACCESO ADICIONAL DE MATERIA--TÉRMINO DE MATERIA
Término de materia o nombre geográfico como elemento de entrada Ciencia
Fuente del encabezamiento o término embne
9 (RLIN) 10929
710 2# - ENTRADA AGREGADA--NOMBRE DE ENTIDAD CORPORATIVA
Nombre de entidad corporativa o nombre de jurisdicción como elemento de entrada Universidad Literaria de Granada.
9 (RLIN) 153703
852 4# - LOCALIZACIÓN
Ubicación ES-MaACL
Número de control de estantería T-112-F-2
Nota libre - Enc. hol.
-- - Enc. en un vol. facticio
Holdings
Estatus retirado Estado de pérdida Estado de daño No para préstamo Colección Biblioteca de origen Biblioteca actual Ubicación en estantería Fecha de adquisición Total de préstamos Signatura topográfica completa Código de barras Visto por última vez Precio de reemplazo Tipo de ítem Koha
        Colección de folletos Biblioteca del Ateneo de Madrid Biblioteca del Ateneo de Madrid Depósito folletos 17/01/2008   T-112-F-2 1173140 23/02/2023 23/02/2023 Folleto